Alter Academia / (Record no. 1100)

MARC details
000 -LEADER
campo de control de longitud fija 01035nam a22002777a 4500
008 - DATOS DE LONGITUD FIJA--INFORMACIÓN GENERAL
campo de control de longitud fija 161130b xxu||||| |||| 00| 0 eng d
082 04 - NÚMERO DE LA CLASIFICACIÓN DECIMAL DEWEY
Número de clasificación 700.71
Número de ítem A466a
110 1# - ENTRADA PRINCIPAL--NOMBRE DE ENTIDAD CORPORATIVA
Nombre de entidad corporativa o nombre de jurisdicción como elemento de entrada Alter Academia 2016.
9 (RLIN) 5640
245 10 - MENCIÓN DEL TÍTULO
Título Alter Academia /
Mención de responsabilidad, etc. Alter Academia 2016 ; TEOR/ética ; Diana Barquero...[et. al.].
250 ## - MENCION DE EDICION
Mención de edición 1a ed.
260 ## - PUBLICACIÓN, DISTRIBUCIÓN, ETC.
Lugar de publicación, distribución, etc. San José, Costa Rica :
Nombre del editor, distribuidor, etc. TEOR/ética,
Fecha de publicación, distribución, etc. 2016.
300 ## - DESCRIPCIÓN FÍSICA
Extensión [200] p.
Otras características físicas il.
500 ## - NOTA GENERAL
Nota general Publicación generada a partir de las residencias artísticas del programa Alter Academia, realizado en las salas de Lado V de TEOR/ética, de marzo a mayo del 2016.
653 10 - TÉRMINO DE INDIZACIÓN--NO CONTROLADO
Término no controlado Arte contemporáneo
653 10 - TÉRMINO DE INDIZACIÓN--NO CONTROLADO
Término no controlado Arte - Educación
653 10 - TÉRMINO DE INDIZACIÓN--NO CONTROLADO
Término no controlado Arte colectivo
653 10 - TÉRMINO DE INDIZACIÓN--NO CONTROLADO
Término no controlado Procesos artísticos
653 10 - TÉRMINO DE INDIZACIÓN--NO CONTROLADO
Término no controlado Arte - Investigación
653 10 - TÉRMINO DE INDIZACIÓN--NO CONTROLADO
Término no controlado Producción artística - Costa Rica
653 10 - TÉRMINO DE INDIZACIÓN--NO CONTROLADO
Término no controlado Aristas costarricenses
653 10 - TÉRMINO DE INDIZACIÓN--NO CONTROLADO
Término no controlado Residencias artísticas
700 1# - ENTRADA AGREGADA--NOMBRE PERSONAL
Nombre de persona Flores, Adrián.
9 (RLIN) 5641
700 1# - ENTRADA AGREGADA--NOMBRE PERSONAL
Nombre de persona Richmond, Mariela.
9 (RLIN) 5642
700 1# - ENTRADA AGREGADA--NOMBRE PERSONAL
Nombre de persona Robinson, Marton.
9 (RLIN) 5643
710 1# - ENTRADA AGREGADA--NOMBRE DE ENTIDAD CORPORATIVA
Nombre de entidad corporativa o nombre de jurisdicción como elemento de entrada TEOR/ética.
9 (RLIN) 5471
Holdings
Estatus retirado Estado de pérdida Fuente del sistema de clasificación o colocación Estado de daño No para préstamo Biblioteca de origen Biblioteca actual Ubicación en estantería Fecha de adquisición Total de préstamos Signatura topográfica completa Código de barras Visto por última vez Precio de reemplazo Tipo de ítem Koha
    Clasificación Decimal Dewey     Biblioteca LadoV Biblioteca LadoV   30/11/2016   700.71 A466a 004385 30/11/2016 30/11/2016 Material 01
    Clasificación Decimal Dewey     Biblioteca LadoV Biblioteca LadoV   17/11/2018   700.71 A466a 001214 17/11/2018 17/11/2018 Material 01